Effect of soil improvement techniques on soil fertility and yield of sen podao rice grown on prateah lang soil, ប្រសិទ្ធភាពនៃបច្ចេកទសកែលម្អដី ទៅលើជីជាតិដី និង ទិន្នផលស្រូវសែនពិដោរ នៅលើក្រុមដីប្រទះឡាង (Record no. 1365)

000 -LEADER
fixed length control field 00732nam a22001577a 4500
003 - CONTROL NUMBER IDENTIFIER
control field OSt
005 - DATE AND TIME OF LATEST TRANSACTION
control field 20150927162827.0
008 - FIXED-LENGTH DATA ELEMENTS--GENERAL INFORMATION
fixed length control field 150927b xxu||||| |||| 00| 0 eng d
040 ## - CATALOGING SOURCE
Transcribing agency RUA
082 ## - DEWEY DECIMAL CLASSIFICATION NUMBER
Classification number AGR LEA 2011 B050 Or.1
100 ## - MAIN ENTRY--PERSONAL NAME
9 (RLIN) 1452
Personal name LEANG, SEREIKOL
245 ## - TITLE STATEMENT
Title Effect of soil improvement techniques on soil fertility and yield of sen podao rice grown on prateah lang soil, ប្រសិទ្ធភាពនៃបច្ចេកទសកែលម្អដី ទៅលើជីជាតិដី និង ទិន្នផលស្រូវសែនពិដោរ នៅលើក្រុមដីប្រទះឡាង
260 ## - PUBLICATION, DISTRIBUTION, ETC. (IMPRINT)
Place of publication, distribution, etc. Phnom Penh
Name of publisher, distributor, etc. RUA
Date of publication, distribution, etc. 2011
300 ## - PHYSICAL DESCRIPTION
Extent xii, 49p.
Other physical details ill.
Dimensions 29cm.
942 ## - ADDED ENTRY ELEMENTS (KOHA)
Source of classification or shelving scheme
Koha item type AGR
Holdings
Price effective from Date last seen Permanent Location Not for loan Date acquired Source of classification or shelving scheme Koha item type Barcode Lost status Damaged status Shelving location Withdrawn status Current Location Full call number
2015-09-272015-09-27Library Block B 2015-09-27 AGRRUA006195  B050 Library Block BAGR LEA 2011 B050 Or.1
2015-09-272015-09-27Library Block B 2015-09-27 AGRRUA006131  B050 Library Block BAGR LEA 2011 B050 Or.2
មជ្ឈមណ្ឌលឯការនៃសាកលវិទ្យាល័យភូមិន្ទកសិកម្មចំការដូង

Powered by Koha